Mutluluk düşüncesi : (Record no. 200466529)

MARC details
000 -LEADER
fixed length control field 00873cam a2200277 i 4500
001 - CONTROL NUMBER
control field 200466529
003 - CONTROL NUMBER IDENTIFIER
control field TR-AnTOB
005 - DATE AND TIME OF LATEST TRANSACTION
control field 20251223112539.0
007 - PHYSICAL DESCRIPTION FIXED FIELD--GENERAL INFORMATION
fixed length control field ta
008 - FIXED-LENGTH DATA ELEMENTS--GENERAL INFORMATION
fixed length control field 251212m19731969tu 00010 tur d
040 ## - CATALOGING SOURCE
Original cataloging agency TR-AnTOB
Language of cataloging eng
Description conventions rda
Transcribing agency TR-AnTOB
041 0# - LANGUAGE CODE
Language code of text/sound track or separate title Türkçe
050 14 - LIBRARY OF CONGRESS CALL NUMBER
Classification number BJ1480
Item number .H36 1973
090 ## - LOCALLY ASSIGNED LC-TYPE CALL NUMBER (OCLC); LOCAL CALL NUMBER (RLIN)
Classification number (OCLC) (R) ; Classification number, CALL (RLIN) (NR) BJ1480
Local cutter number (OCLC) ; Book number/undivided call number, CALL (RLIN) .H36 1973
100 1# - MAIN ENTRY--PERSONAL NAME
Personal name Hançerlioğlu, Orhan,
Dates associated with a name 1916-1991
Relator term author
9 (RLIN) 106801
245 10 - TITLE STATEMENT
Title Mutluluk düşüncesi :
Remainder of title başlangıcından bugüne /
Statement of responsibility, etc. Orhan Hançerlioğlu.
264 #1 - PRODUCTION, PUBLICATION, DISTRIBUTION, MANUFACTURE, AND COPYRIGHT NOTICE
Place of production, publication, distribution, manufacture İstanbul :
Name of producer, publisher, distributor, manufacturer Varlık Yayınevi,
Date of production, publication, distribution, manufacture, or copyright notice 1973.
300 ## - PHYSICAL DESCRIPTION
Extent 291 pages ;
Dimensions 17 cm
336 ## - CONTENT TYPE
Content type term text
Content type code txt
Source rdacontent
337 ## - MEDIA TYPE
Media type term unmediated
Media type code n
Source rdamedia
338 ## - CARRIER TYPE
Carrier type term volume
Carrier type code nc
Source rdacarrier
490 0# - SERIES STATEMENT
Series statement Varlık yayınları ;
Volume/sequential designation sayı: 1756.
Series statement Faydalı kitaplar ;
Volume/sequential designation 43
650 #7 - SUBJECT ADDED ENTRY--TOPICAL TERM
Topical term or geographic name entry element Mutluluk.
Source of heading or term etuturkob
9 (RLIN) 16083
942 ## - ADDED ENTRY ELEMENTS (KOHA)
Source of classification or shelving scheme Library of Congress Classification
Koha item type Book
Holdings
Withdrawn status Lost status Source of classification or shelving scheme Not for loan Collection code Home library Current library Shelving location Date acquired Source of acquisition Inventory number Total Checkouts Full call number Barcode Date last seen Date shelved Koha item type Public note
    Library of Congress Classification Ödünç Verilebilir / Available Genel Koleksiyon Merkez Kütüphane Merkez Kütüphane Genel Koleksiyon / Main Collection 12/12/2025 Bağış / Donation PSİ   BJ1480 .H36 1973 0073979 12/12/2025 12/12/2025 Book Donated by Dr. Hasan Deniz.
Devinim Yazılım Eğitim Danışmanlık tarafından Koha'nın orjinal sürümü uyarlanarak geliştirilip kurulmuştur.